| 000 | 00693nam a2200229 i 4500 | ||
|---|---|---|---|
| 001 | 28469 | ||
| 003 | ES-MaACL | ||
| 005 | 20230906153848.0 | ||
| 007 | t| | ||
| 008 | 030117s1984 sp ||||1| spa d | ||
| 020 | _a84-309-1052-2 | ||
| 080 | _a35(460) | ||
| 100 | 1 |
_aBaena del Alcázar, Mariano. _924589 |
|
| 245 | 1 | 0 |
_aOrganización administrativa / _cMariano Baena del Alcázar. |
| 260 |
_aMadrid : _bTecnos, _c[1984] |
||
| 300 |
_a141 p. ; _c18 cm. |
||
| 490 | 1 | _aTemas clave de la Constitución española | |
| 651 | 4 |
_aEspaña- _xAdministración- _yS.XX. _9170700 |
|
| 830 | 1 |
_aTemas clave de la Constitución española _9178650 |
|
| 852 | 4 |
_aES-MaACL _jL-6473 |
|
| 999 |
_c28469 _d28469 |
||